000 00582nam a2200193Ii 4500
003 JO-AjNU
008 230605s9999||||xx |||||||||||||| ||und||
040 _aJO-AjNU
_bara
_erda
_cJO-AjNU
041 _aara
050 1 4 _aTS425.S322 1978
100 3 _aعبدالغفار،سعيد,
_eauthor
_98346
245 0 0 _aالافران الصناعية
264 3 1 _aالقاهرة:دار المعارف،1978
300 _a212ص
336 _atext
_btxt
_2rdacontent
337 _aunmediated
_bn
_2rdamedia
338 _avolume
_bnc
_2rdacarrier
650 4 _aالفرن الصناعي
_98347
999 _aA741
_c4309
_d4309